[Event "Moscow Blondes-Brunettes m 13th"]
[Site "Moscow"]
[Date "2024.03.14"]
[Round "8.3"]
[White "Shubenkova, Veronika"]
[Black "Badelka, Olga"]
[Result "0-1"]
[WhiteElo "2007"]
[BlackElo "2377"]
[PlyCount "138"]
[EventDate "2024.03.14"]
[EventType "schev (blitz)"]
[EventRounds "8"]
[EventCountry "RUS"]
[SourceTitle "CB13_2024"]
[SourceDate "2024.03.27"]
[SourceVersion "1"]
[SourceVersionDate "2024.03.27"]
[SourceQuality "1"]
[WhiteTeam "Brunettes"]
[BlackTeam "Blondes"]
[WhiteTeamCountry "RUS"]
[BlackTeamCountry "RUS"]

1. e4 e5 2. Nf3 Nc6 3. Bb5 Nf6 4. 0-0 Nxe4 5. Re1 Nd6 6. Nxe5 Nxe5 7. Rxe5+ Be7 8. Bf1 0-0 9. d4 Bf6 10. Rh5 g6 11. Rh3 Nf5 12. c3 d5 13. g4 Nd6 14. Bh6 Re8 15. Nd2 Bg5 16. f4 Bxh6 17. Rxh6 Re3 18. Rh3 Rxh3 19. Bxh3 Qh4 20. Kg2 Ne4 21. Nxe4 dxe4 22. Qe1 Qe7 23. Qe3 Bd7 24. f5 Re8 25. Rf1 f6 26. c4 gxf5 27. gxf5 Kh8 28. Kh1 b5 29. b3 bxc4 30. bxc4 Qd6 31. Rg1 c5 32. dxc5 Qe5 33. Qh6 Rg8 34. Rxg8+ Kxg8 35. Qe3 Kf7 36. Kg2 Ke7 37. Qg3 Qb2+ 38. Qf2 Qc3 39. c6 Bxc6 40. Qxa7+ Kd6 41. Qb8+ Kd7 42. Qa7+ Kc8 43. Qa6+ Kc7 44. Qa7+ Kc8 45. Qa6+ Kd7 46. Qa7+ Kd6 47. Qb8+ Kc5 48. Qa7+ Kxc4 49. Qf7+ Bd5 50. Qc7+ Kd3 51. Qxc3+ Kxc3 52. Kf2 Kd2 53. Bg4 e3+ 54. Kg3 e2 55. Bxe2 Kxe2 56. a4 Ke3 57. a5 Ke4 58. Kg4 h5+ 59. Kxh5 Kxf5 60. h4 Bb7 61. Kh6 Kg4 62. Kg6 f5 63. h5 f4 64. h6 f3 65. h7 Be4+ 66. Kg7 Bxh7 67. Kxh7 f2 68. a6 f1Q 69. a7 Qa6 0-1

[Event "Titled Tuesday intern op 27th Feb Late"]
[Site "Chess.com INT"]
[Date "2024.02.27"]
[Round "2"]
[White "Badelka, Olga"]
[Black "Keller, Peter1"]
[Result "1-0"]
[WhiteElo "2377"]
[BlackElo "2328"]
[PlyCount "81"]
[EventDate "2024.02.27"]
[EventType "swiss (blitz)"]
[EventRounds "11"]
[EventCountry "USA"]
[SourceTitle "CB10_2024"]
[SourceDate "2024.03.06"]
[SourceVersion "1"]
[SourceVersionDate "2024.03.06"]
[SourceQuality "1"]

1. c4 e5 2. Nc3 Nf6 3. Nf3 Nc6 4. g3 Bb4 5. Bg2 0-0 6. 0-0 Re8 7. d3 h6 8. Bd2 a5 9. a3 Bc5 10. Nd5 d6 11. b4 Ba7 12. b5 Nd4 13. Nxf6+ Qxf6 14. e3 Nxf3+ 15. Qxf3 Qxf3 16. Bxf3 Bb6 17. a4 Rb8 18. Rad1 f5 19. Bd5+ Kf8 20. Bc3 Bd7 21. d4 e4 22. c5 dxc5 23. dxc5 Bxc5 24. Bxa5 b6 25. Bc3 Be6 26. Bc6 Red8 27. Be5 Bd6 28. Bxd6+ Rxd6 29. Rxd6 cxd6 30. Ra1 Ke7 31. a5 Bd7 32. Bxd7 Kxd7 33. a6 Rc8 34. Kg2 d5 35. h4 Kd6 36. h5 Ra8 37. Rc1 Ke5 38. Rc6 d4 39. exd4+ Kxd4 40. Rxb6 Kc5 41. Rb7 1-0

[Event "Titled Tuesday intern op 27th Feb Late"]
[Site "Chess.com INT"]
[Date "2024.02.27"]
[Round "9"]
[White "Badelka, Olga"]
[Black "Velikanov, Alexander"]
[Result "1-0"]
[WhiteElo "2377"]
[BlackElo "2387"]
[PlyCount "63"]
[EventDate "2024.02.27"]
[EventType "swiss (blitz)"]
[EventRounds "11"]
[EventCountry "USA"]
[SourceTitle "CB10_2024"]
[SourceDate "2024.03.06"]
[SourceVersion "1"]
[SourceVersionDate "2024.03.06"]
[SourceQuality "1"]

1. Nf3 d5 2. g3 c6 3. Bg2 Bf5 4. b3 Nd7 5. Bb2 h6 6. 0-0 e6 7. d3 Ngf6 8. Nbd2 Bh7 9. Qe1 Bc5 10. e4 0-0 11. Kh1 a5 12. a4 b5 13. e5 Ne8 14. Nh4 Bb4 15. f4 bxa4 16. bxa4 Nc5 17. f5 Rb8 18. Bc1 exf5 19. Nxf5 Ne6 20. Nh4 N8c7 21. Ba3 Nd4 22. Qd1 Bc3 23. Rb1 Re8 24. Rxb8 Qxb8 25. Bd6 Qb6 26. Ndf3 Nce6 27. Nxd4 Nxd4 28. Qh5 Nxc2 29. Qxf7+ Kh8 30. Qxe8+ Bg8 31. Ng6+ Kh7 32. Ne7 1-0

[Event "Titled Tuesday intern op 13th Feb Late"]
[Site "Chess.com INT"]
[Date "2024.02.13"]
[Round "3"]
[White "Schut, Han"]
[Black "Badelka, Olga"]
[Result "1/2-1/2"]
[WhiteElo "2091"]
[BlackElo "2377"]
[PlyCount "83"]
[EventDate "2024.02.13"]
[EventType "swiss (blitz)"]
[EventRounds "11"]
[EventCountry "USA"]
[SourceTitle "CB08_2024"]
[SourceDate "2024.02.21"]
[SourceVersion "1"]
[SourceVersionDate "2024.02.21"]
[SourceQuality "1"]

1. e4 c5 2. Nf3 e6 3. c4 d6 4. d4 cxd4 5. Nxd4 Nf6 6. Nc3 b6 7. Be3 Bb7 8. f3 a6 9. Be2 Be7 10. 0-0 0-0 11. Qd2 Qc7 12. Rac1 Nbd7 13. Rfd1 Rac8 14. Bf1 Rfe8 15. Qf2 Qb8 16. b4 Ne5 17. Na4 Nfd7 18. Nb3 Nxc4 19. Bxc4 b5 20. Bxb5 axb5 21. Nc3 Ne5 22. Ba7 Qa8 23. Nxb5 Rxc1 24. Nxc1 Rc8 25. a4 d5 26. f4 Nc4 27. exd5 Bxd5 28. Nd3 Bc6 29. Bc5 Bf6 30. Rc1 Qxa4 31. Nd6 Nxd6 32. Bxd6 h6 33. Ne5 Bb7 34. Rxc8+ Bxc8 35. h3 Ba6 36. Qa7 Qd1+ 37. Kh2 Qxd6 38. Qxf7+ Kh7 39. Qg6+ Kg8 40. Qf7+ Kh7 41. Qg6+ Kg8 42. Qf7+ 1/2-1/2

[Event "Titled Tuesday intern op 06th Feb Late"]
[Site "Chess.com INT"]
[Date "2024.02.06"]
[Round "4"]
[White "Badelka, Olga"]
[Black "Gadimbayli, Abdulla Azar"]
[Result "0-1"]
[WhiteElo "2377"]
[BlackElo "2489"]
[PlyCount "124"]
[EventDate "2024.02.06"]
[EventType "swiss (blitz)"]
[EventRounds "11"]
[EventCountry "USA"]
[SourceTitle "CB07_2024"]
[SourceDate "2024.02.14"]
[SourceVersion "1"]
[SourceVersionDate "2024.02.14"]
[SourceQuality "1"]

1. Nf3 Nf6 2. d4 d5 3. c4 e6 4. Nc3 Nc6 5. cxd5 exd5 6. Bg5 Be6 7. e3 Bb4 8. Bd3 h6 9. Bxf6 Qxf6 10. h3 0-0 11. 0-0 Ne7 12. Rc1 c6 13. Ne5 Bf5 14. Bxf5 Qxf5 15. Qc2 Qe6 16. Ne2 Bd6 17. Nf4 Qc8 18. Nfd3 f6 19. Nf3 Re8 20. Rfe1 Nf5 21. Nc5 Bxc5 22. Qxc5 Qd7 23. b4 Nd6 24. Qc3 Kf7 25. Nd2 Re7 26. f3 Rae8 27. Re2 Qf5 28. Rce1 Qg6 29. a4 Nf5 30. b5 Re6 31. bxc6 bxc6 32. a5 Ng3 33. Rf2 Nf5 34. Rfe2 Ng3 35. Rf2 Qg5 36. e4 dxe4 37. fxe4 Nxe4 38. Nxe4 Rxe4 39. Rxe4 Rxe4 40. Qxc6 Re1+ 41. Kh2 Qxa5 42. Qd7+ Re7 43. Qc6 Qc7+ 44. Qxc7 Rxc7 45. Ra2 Rd7 46. Ra6 Kg6 47. Kg3 Kf5 48. Kf3 h5 49. Ra5+ Ke6 50. Rxh5 Rxd4 51. Ra5 Rd7 52. Kg4 Kd6 53. Kh5 Kc6 54. g4 Kb6 55. Ra3 a5 56. Kg6 Kb5 57. h4 a4 58. Ra1 Kb4 59. Rb1+ Kc3 60. Rc1+ Kb2 61. Rc6 Rb7 62. Ra6 a3 0-1

[Event "Wch Rapid (Women)"]
[Site "Samarkand"]
[Date "2023.12.28"]
[Round "9"]
[White "Badelka, Olga"]
[Black "Shuvalova, Polina"]
[Result "1/2-1/2"]
[WhiteElo "2395"]
[BlackElo "2475"]
[PlyCount "81"]
[EventDate "2023.12.26"]
[EventType "swiss (rapid)"]
[EventRounds "11"]
[EventCountry "UZB"]
[SourceTitle "CB01_2024"]
[SourceDate "2024.01.03"]
[SourceVersion "1"]
[SourceVersionDate "2024.01.03"]
[SourceQuality "1"]

1. d4 Nf6 2. c4 e6 3. Nc3 d5 4. cxd5 Nxd5 5. e4 Nxc3 6. bxc3 c5 7. Rb1 Be7 8. Nf3 0-0 9. Bc4 a6 10. a4 Qc7 11. Be2 b6 12. 0-0 Bb7 13. Bd3 Nd7 14. Qe2 Rfe8 15. h4 h6 16. Bd2 Bc6 17. Ra1 Qb7 18. Rfe1 Bf8 19. Nh2 b5 20. Rab1 b4 21. cxb4 cxb4 22. a5 Nf6 23. Nf3 Red8 24. Rb2 Bb5 25. Bxb5 Qxb5 26. Qxb5 axb5 27. Bxb4 Bxb4 28. Rxb4 Rxa5 29. g3 Rc8 30. Re2 Rc4 31. Rxc4 bxc4 32. Ne5 c3 33. f3 Ra4 34. Rc2 Rxd4 35. Rxc3 Ne8 36. Rc8 Kf8 37. Kf2 h5 38. Ke3 Rb4 39. Ra8 Rb7 40. Kf4 Rc7 41. Ra6 1/2-1/2